Luidji - Discographie - Statistiques

Statistiques générales
  • Ce quiz a été pris 230 fois
    142 depuis la dernière actualisation
  • Le résultat moyen est 48 sur 134
Statistiques - réponses
Réponse % Correct
Système (Live)
84%
Gisèle (Part. 4)
84%
Système
84%
Gisèle (Live)
83%
Monde (Live) (ft. Ryan Koffi)
80%
Foufoune Palace
80%
Foufoune Palace (Live)
80%
Monde (ft. Ryan Koffi)
80%
Téléfoot (Live)
79%
Téléfoot
79%
ALEXIS
77%
ALEXIS (Live)
77%
Néons rouges / Belles chansons
74%
Reste en vie / Tu le mérites (Live)
73%
Néons rouges (Live)
71%
Le Rouge
70%
488
69%
488 (Live)
69%
GO! (Theodora)
69%
Miskine
69%
Miskine (Live)
69%
Bahia
66%
Bahia (Live)
66%
Reste en Vie
63%
Tu le mérites
60%
Le remède (Live)
59%
Pour deux âmes solitaires part 1 (Live)
59%
Le remède
59%
Pour deux âmes solitaires (Part. 1)
59%
Cabine
57%
Cabine (Live)
57%
Sirène
57%
Pour deux âmes solitaires part 2 (Live)
56%
Pour deux âmes solitaires (Part. 2)
56%
Marie Jeanne (Live)
54%
Marie Jeanne
54%
Joueur 1 (Live) (ft. Tuerie)
53%
Joueur 1 (ft. Tuerie)
53%
Palace Mafia (Live)
50%
Manège
50%
Palace Mafia
50%
Boscolo Exedra
49%
Christian Dior
49%
Femme Flic
49%
Agoué
47%
Les Aéroports et les Gares (Live) (ft. Astrønne)
47%
Groupie
47%
Les Aéroports et les Gares (ft. Astrønne)
47%
Pour deux âmes solitaires (Part. 3)
47%
Champagne
46%
Sérénade (Live)
44%
Sérénade
44%
Vent d'hiver
44%
Les gens qui s'aiment
41%
Les gens qui s'aiment (Live)
41%
Mauvais réflexe
41%
Cinéma (Enchantée Julia)
40%
Golden State (Tuerie)
40%
igné
40%
Mauvaise nouvelle
40%
Voyou
40%
DAMBALLAH
39%
Mami
39%
Coup de fil (Oscar Emch)
37%
Pornstar Martini (MadeInParis)
37%
Plus haut
36%
AYIDA
34%
Galope Salope
34%
Nazaré
34%
3 ans
33%
Intro
33%
Intro (Live)
33%
Jeune Surfeur
33%
Belles chansons (Live)
31%
MAMIMAMI (Live)
31%
MAMIMAMI
31%
Problème (Prince Waly et Makala)
31%
Veuve Clicquot
31%
Basquiat
30%
Dr Komprann
30%
Reste en soif
30%
Boom
29%
Mécaniques des fluides
27%
7h59
24%
Appel manqué (ft. Dinos)
24%
Epilogue
23%
Baton rouge
21%
Dernier Souffle
21%
Idiot
20%
Millésime
20%
Parisien
20%
Immaculé
19%
Nuit Blanche
19%
Route 999
19%
Bouteille
17%
Juicy
17%
Jad
16%
Tango à terre
16%
Wavy
16%
Dis-moi (Oxmo Puccino et Tuerie)
14%
Guerre Froide
14%
Pour deux âmes solitaires part 1.7 (Live)
10%
Boulevard
7%
K.O.
7%
Machine à décevoir
7%
Absynthe (ft. Tuerie)
6%
Casse-toi
6%
J’ai plus le temps (Sam's)
6%
Joker
6%
Joker remix (ft. Dinos & Houss Wayss)
6%
Mon Ex
6%
Mr Freshness
6%
Nympho
6%
Pomme, cassis, framboise (ft. Beeby
6%
Talk to Me (ft. Dinos)
6%
Utopia
6%
Coolax
4%
Bluesky
3%
CQLP (ft. Dinos)
3%
For never (ft. Dilemma)
3%
Insolent (Remix) (ft. Beeby)
3%
Sac à main
3%
Cypher Part V. (Kingpark, S-Pi, Tuerie & 3 more)
1%
Marche pas sur mes Nike Air (Tuerie)
1%
Owno
1%
Black and Yellow (Remix) (Beeby)
0%
Chojnicki Freestyle
0%
Freestyle Daymolition (Révolution Urbaine, Grizzly 942, Raba & 9 more)
0%
Freestyle Jokebox 2 (Beeby)
0%
Fury (French2Def, Franglish, Louis Aoda & 6 more)
0%
Grown Up (Wilow Amsgood et Pink Tee)
0%
Para Bellum Remix (Beeby, FSS, Houss Wayss & 3 more)
0%
Sans forcer (Tuerie)
0%
Session Freestyle Imany (Dinos)
0%
Aucun quiz correspondant
Distribution des résultats
% des personnes avec chaque résultat
Percentile par nombre de réponses
Votre historique - résultats
Vous n’avez pas pris ce quiz depuis la dernière actualisation